| 000 | 00796 a2200217 4500 | ||
|---|---|---|---|
| 020 | _a0123822564 | ||
| 040 |
_aDLC _bDLC |
||
| 100 | 1 | _aJeffrey, Alan. | |
| 245 | 1 | 0 |
_aHandbook of mathematical formulas and integrals _cAlan Jeffrey |
| 246 | 3 |
_aHandbook of mathematical formulas and integrals _h[electronic resource] |
|
| 250 | _a3rd ed. | ||
| 260 |
_aBoston : _bElsevier Academic Press, _cc2004. |
||
| 300 |
_axxv, 453 p. : _bill. ; _c23 cm. |
||
| 538 | _aMode of access: World Wide Web. | ||
| 538 | _aSystem requirements: Internet connectivity; World Wide Web browser. | ||
| 650 | 0 | _aMathematics | |
| 650 | 0 | _aMathematics | |
| 710 | 2 | _aScienceDirect. | |
| 856 | 4 | 1 | _uhttp://libproxy1.nus.edu.sg/login?url=http://www.sciencedirect.com/science/book/9780123822567 |
| 942 |
_cBK _k510.212 JEF _2ddc |
||
| 999 |
_c7486 _d7486 |
||